| 000 | 00512nam a2200169Ia 4500 | ||
|---|---|---|---|
| 003 | OSt | ||
| 005 | 20200928102756.0 | ||
| 008 | 190216s9999||||xx |||||||||||||| ||und|| | ||
| 040 | _coclc | ||
| 082 |
_a574.192 _bFAT/E |
||
| 100 |
_aFatima, Dulsy _95047 |
||
| 245 | 0 |
_aElements Of Biochemistry / _cDulsy Fatima ; L M Narayanan ; R P Meyyan .... |
|
| 260 |
_bSaras Publications, _aNagercoil: _c2005. |
||
| 300 | _a437p | ||
| 650 | _aBotany | ||
| 942 |
_cBK _2ddc _h574.192 _iFAT/E _k574.192 _mFAT/E |
||
| 999 |
_c1749 _d1749 |
||